000 00826nam0a22002531 4500
001 rc\2172266
005 20260406211926.0
035 _a(NLR Aleph) 006482104
090 _a6044419
_c6044419
100 _a20110829d1978 |||y0rusy50 ca
101 0 _arus
102 _aRU
105 _ay z |||||
200 1 _aИнформационный бюллетень
210 _aСеверодонецк
_cВНИИТБХП
_d1978
215 _a3 с.
_d20
309 _aБез тит. л. и обл.
333 _aДСП. Экз. № 6
710 0 2 _aВНИИ техники безопасности в химической промышленности
_cСеверодонецк
_9434703
_3RU\NLR\AUTH\889969168
801 0 _aRU
_bNLR
_gpsbo
801 1 _aRU
_bELAR
_2rusmarc
852 _aNLR
_j78-50К/2822
942 _cBOOK
980 _aNB